Diablo 4 Wepon-types (2024) - Statistics

General Stats
  • This quiz has been taken 29 times
  • The average score is 9 of 16
Answer Stats
Hint Answer % Correct
Rogue Only Bow
77%
Rogue/Sorceror Dagger
77%
Rogue Only Crossbow
68%
Barbarian/Necromancer/Rogue 1-H Sword
64%
Druid/Necromancer/Sorcerer Staff
64%
Necromancer/Sorcerer Wand
64%
Barbarian/Necromancer 2-H Sword
59%
Necromancer Only Shield
59%
Barbarian/Druid 2-H Axe
55%
Barbarian/Druid 2-H Mace
55%
Barbarian/Druid 1-H Axe
50%
Barbarian/Druid 1-H Mace
50%
Barbarian Only Polearm
50%
Necromancer Only 1-H Scythe
27%
Necromancer Only 2-H Scythe
27%
Druid/Necromancer/Sorcerer Offhand/Source/Totem
27%
No matching quizzes found
Score Distribution
Percent of People with Each Score
Percentile by Number Answered
Your Score History
You have not taken this quiz